MDQL
is popping MORE tags! Check the
thread
!
Quizzes
Events
Quiz Creation
Community
Videos
Private Events
Remove Ads
Sign In
Join for FREE
Feedback
Dark Mode
Quiz Categories
Sports
Geography
Music
Movies
Television
Just For Fun
Miscellaneous
History
Literature
Language
Science
Gaming
Entertainment
Religion
Holiday
For Kids
Quiz Lab
Recent
Popular Today
Quiz Kudos Today
Editor Picks
Curator Picks
Quizzes by...
Day
Popularity
Type
Ratings
Length
Year
Community
Subscriptions
Recent Discussions
Orange Saloon
Badges
Playlists
Quests
Create
Leaderboards
Showdown
Live 5
Trivia Bingo
Activity
Puzzle Library
Sporcle Events
Private Events
Virtual Trivia
Globe League
Become a Host
Pub Owners
SporcleCon
Opinionation
Our Games
Videos
Blog
Mobile Apps
Partnerships
Remove Ads and Go Orange
Feedback
Just For Fun
Clickable
Get the Picture
Humor
Quick Pick
Word Ladder
Missing Word
Mixed Word
Blitz
Minefield
This or That
Alphabet
Color
Typing
Sporcle
Puzzle
Word Play
Follow That Line
Logic
Just For Fun
Clickable
Get the Picture
Humor
Quick Pick
Word Ladder
Missing Word
Mixed Word
Blitz
Minefield
This or That
Alphabet
Color
Typing
Sporcle
Puzzle
Word Play
Follow That Line
Logic
Random Quiz
Search Sporcle
×
Quiz Lab
Quiz Lab
Just For Fun
Doctor Who
Type in answers that appear in a list
Type in answers that appear in a list
Classic
Best Score? Go Orange.
Doctor Who Episodes by Villain Stats
Can you name the episode of Doctor Who (2005-2013) by the main villain?
By
scootrue00
20m
102 Questions
109 Plays
109 Plays
109 Plays
Comments
Comments
Give Quiz Kudos
Give Quiz Kudos
-
- Ratings
hide this ad
Replay
Link that replays current quiz
Next Quiz
Link to next quiz in quiz playlist
You Got
0%
They Got
Avg Score
79%
Avg Friend Score
Upgrade to see
Score Distribution
Jump to the score distribution portion of the page
Score
0/102
Timer
20:00
0
Plays Today
Hint
Answer
% Correct
The Nestene Consciousness/
Autons
Rose
96.3%
A Dalek
Dalek
91.7%
Lady Cassandra
The End of the World
88.9%
The Child/
Nanogenes
The Empty Child
88%
The Master/
The Time Lords
The End of Time (Part One)
87%
The Master/
The Time Lords
The End of Time (Part Two)
87%
The Gelth
The Unquiet Dead
86.1%
The Child/
Nanogenes
The Doctor Dances
86.1%
Reapers
Father's Day
85.2%
A Werewolf
Tooth and Claw
85.2%
Torajii (The living sun)
42
85.2%
Weeping Angels
Blink
85.2%
Krillitane
School Reunion
84.3%
Midnight Creature/
Unknown
Midnight
84.3%
Time Beetle
Turn Left
84.3%
Prisoner Zero/
The Atraxi
The Eleventh Hour
84.3%
The Slitheen Family
World War Three
83.3%
Blon Fel-
Fotch Passameer-
Day Slitheen
Boom Town
83.3%
Lady Cassandra
New Earth
83.3%
The Racnoss
The Runaway Bride
83.3%
Plasmavore/
The Judoon
Smith and Jones
83.3%
The Macra
Gridlock
83.3%
The Family
The Family of Blood
83.3%
Vashta Nerada
Silence in the Library
83.3%
The Slitheen Family
Aliens of London
82.4%
The Dalek Emperor/
The Daleks
The Parting of the Ways
82.4%
The Sycorax
The Christmas Invasion
82.4%
Clockwork Droids
The Girl in the Fireplace
82.4%
The Cybermen
Rise of the Cybermen
82.4%
Cybermen/
Mercy Hartigan
The Next Doctor
82.4%
The Man Upstairs/
79B Aickman Road
The Lodger
82.4%
The Alliance (Every Villain in Doctor Who)
The Pandorica Opens
82.4%
The Abzorbaloff
Love and Monsters
81.5%
The Master/
The Future Kind
Utopia
81.5%
Hint
Answer
% Correct
Max Capricorn/
The Heavenly Host
Voyage of the Damned
81.5%
Lucius Petrus Dextrus/
The Pyroviles
The Fires of Pompeii
81.5%
Vespiform
The Unicorn and the Wasp
81.5%
Vashta Nerada
Forest of the Dead
81.5%
The Flood
The Waters of Mars
81.5%
Kazran Sardick
A Christmas Carol
81.5%
Cybermen
Doomsday
80.6%
Carrionites
The Shakespeare Code
80.6%
Richard Lazarus
The Lazarus Experiment
80.6%
Smilers (Some might also say Humans)
The Beast Below
80.6%
Weeping Angels
The Time of Angels
80.6%
The Dream Lord
Amy's Choice
80.6%
The Silurians
The Hungry Earth
80.6%
Madame Kovarian
A Good Man Goes to War
80.6%
Mighty Jagrafess of the Holy Hadrojassic Maxarodenfoe
The Long Game
79.6%
The Wire
The Idiot's Lantern
79.6%
Isolus
Fear Her
79.6%
The Daleks
Daleks in Manhattan
79.6%
The Sontarans
The Sontaran Stratagem
79.6%
The Sontarans
The Poison Sky
79.6%
Saturnyns/
Rosanna Calvierri
The Vampires of Venice
79.6%
The Dalek Emperor/
The Daleks
Bad Wolf
78.7%
The Beast
The Impossible Planet
78.7%
The Beast
The Satan Pit
78.7%
The Daleks
Evolution of the Daleks
78.7%
The Family
Human Nature
78.7%
The Master/
The Toclafane
The Sound of Drums
78.7%
The Swarm/
The Stingrays
Planet of the Dead
78.7%
Weeping Angels
Flesh and Stone
78.7%
The Alliance (Every Villain in Doctor Who)
The Big Bang
78.7%
The Silence
The Impossible Astronaut
78.7%
Weeping Angels
The Angels Take Manhattan
78.7%
The Cybermen
The Age of Steel
77.8%
The Adipose/
Matron Cofelia
Partners in Crime
77.8%
Hint
Answer
% Correct
General Cobb/
The Hath
The Doctor's Daughter
77.8%
The Silurians
Cold Blood
77.8%
Krafayis
Vincent and the Doctor
77.8%
The Siren
The Curse of the Black Spot
77.8%
Teselecta Antibodies/
Melody Pond
Let's Kill Hitler
77.8%
Kahler-
Jex/
The Gunslinger
A Town Called Mercy
77.8%
Cybermen
Army of Ghosts
76.9%
House
The Doctor's Wife
76.9%
The Gangers
The Almost People
76.9%
The Daleks
Asylum of the Daleks
76.9%
Solomon/
Robot 1/
Robot 2
Dinosaurs on a Spaceship
76.9%
Akhaten/
The Mummy/
The Vigil
The Rings of Akhaten
76.9%
The Master/
The Toclafane
Last of the Time Lords
75.9%
Davros/
The Daleks
Journey's End
75.9%
The Silence
Day of the Moon
75.9%
The Gangers
The Rebel Flesh
75.9%
Peg Dolls
Night Terrors
75.9%
Handbots
The Girl Who Waited
75.9%
Cybermen/
Cybermats
Closing Time
75.9%
Shakri
The Power of Three
75.9%
Davros/
The Daleks
The Stolen Earth
75%
The Minotaur
The God Complex
75%
Wooden King and Queen
The Doctor, the Widow and the Wardrobe
75%
The Daleks
Victory of the Daleks
74.1%
None (Some may consider the Crooked Man to be the Villain or the Ghost)
Hide
74.1%
Klineman Halpen
Planet of the Ood
73.1%
Winifred Gillyflower/
Mr Sweet
The Crimson Horror
73.1%
Cybermen
Nightmare in Silver
72.2%
Madame Kovarian/
The Silence
The Wedding of River Song
71.3%
Great Intelligence
The Snowmen
71.3%
Miss Kizlet/
The Great Intelligence
The Bells of Saint John
71.3%
The Great Intelligence
The Name of the Doctor
71.3%
Skaldak
Cold War
69.4%
Time Zombies
Journey to the Center of the TARDIS
67.6%
Quiz Playlist
Details
Report
Send in Message
Add To Playlist
Classic:
Type in answers that appear in a list
Last Updated: Feb 16, 2017
Quiz Scoreboard
CHALLENGE
Sign Up to Join the Scoreboard
Show All
Scores
Hide
Comments
May contain spoilers
Recently Published
Two Season TV Shows II
by 123Four
Television
10m
Image Sorting: Flags VI
by Barbecue
Geography
2m
Find the 'City' Movie
by crazypaving
Movies
60s
More to Explore
Quiz From the Vault
Featured Blog Post
14 Easter Pick-up Lines to Find Eggs With
hide this ad
You Might Also Like...
Tags
Doctor Who Quiz
doctor
episode
Villains
Today's Top Quizzes in Just For Fun
Browse Just For Fun
hide this ad
Today's Top Quizzes in Doctor Who
Browse Doctor Who
Top Contributed Quizzes in Just For Fun
1
Name Just One - 10 to 1: Just For Fun
2
Missing Word: 2-Letter A-Z II
3
Avatar the Last Airbender: Logic Puzzle
4
Missing Letter Whitney Houston Songs
5
Missing Word: 'Of' Things A-Z
6
It's Magic / Witchcraft 🎩🪄🧙♀️
7
Eurovision 2024 Countries Logic Puzzle
8
Survivor Winners Logic Puzzle
9
Missing Word: 'Of' Things A-Z II
10
Killer Double Trees 224 - Colour Match-Up
Explore More
Trending Topics
NBA
Marvel
Crossword
Disney
Anime
Harry Potter
Kpop
WWE
Country
Puzzle
The Office
Pokémon
Song
Soccer
NFL
hide this ad
More By:
scootrue00
Quiz
Plays
Rating
Category
Featured
Created
20 More Anti-Jokes
64,830
4.46
Just For Fun
Dec 9, 2013
Original 150 Pokemon
3,871
3.00
Gaming
Aug 28, 2011
Original 151 pokemon by type
3,795
4.69
Gaming
Sep 4, 2011
Doctor Who Quotes (Clickable)
2,676
4.76
Television
Dec 7, 2013
Pokemon Theme Song Lyrics
1,716
3.46
Television
Oct 1, 2011
Go to Creator's Profile
Score Distribution
Quiz Creator Spotlight
scootrue00
Follow
Send a Message
Quizzes Created
-
Created Quiz Play Count
-
More By This Creator
Popular Quizzes Today
1
Find the US States - No Outlines Minefield
2
Colored Red Africa Blitz
3
Find the 'City' Movie
4
5x2 Blitz: Bands
5
The Countries of the World
6
Find the Countries of Europe - No Outlines Minefield
7
Find the US States
8
US States
More Just For Fun Quizzes
Word Ladder: So Much to See and Do
Published
Trending Quizzes
Colored Red Europe Blitz I
Colored Red Africa Blitz II
Colored Red Europe Blitz II
Even More Two Season TV Shows
Colored Red Africa Blitz III
Recently Updated
March Madness Men's Triple Doubles
pecheneg
How Do You Spell That?
pecheneg
Godzilla Movies
pecheneg
Grab Bag: 4-10 Letters
pecheneg
2024 March Madness Bracket
pecheneg
Famous TV Couples
Peacemaker
Champions League XIs: Real Madrid
pecheneg
Largest US Cities 1790-2010
pecheneg
Rides in Walt Disney World
pecheneg
Most Oscar Losses (Acting)
pecheneg
Trending Topics
Kpop
Anime
Crossword
Harry Potter
NBA
Disney
Marvel
The Office
Puzzle
Pokémon
Song
NFL
Country
WWE
Soccer
Your Account Isn't Verified!
In order to create a playlist on Sporcle, you need to verify the email address you used during registration. Go to your
Sporcle Settings
to finish the process.
Report this User
Report this user for behavior that violates our
Community Guidelines
.
Details:
Send Report
Go to the Sporcle.com Mobile Site →
Comments